书目信息 |
| 题名: |
生活书店会议记录
|
|
| 作者: | ;上海韬奋纪念馆 编 | |
| 分册: | ||
| 出版信息: | 北京 中华书局 2019 |
|
| 页数: | 436页 | |
| 开本: | 29cm | |
| 丛书名: | 韬奋纪念馆馆藏文献丛书 | |
| 单 册: | ||
| 中图分类: | G239.22 | |
| 科图分类: | ||
| 主题词: | ||
| 电子资源: | ||
| ISBN: | 978-7-101-13921-1 | |
| 000 | 00966oam2 2200253 450 | |
| 001 | 2131068923 | |
| 005 | 20211029202829.0 | |
| 010 | @a978-7-101-13921-1@b精装@dCNY298.00 | |
| 100 | @a20190911e2019 em y0chiy0120 ea | |
| 101 | 0 | @achi |
| 102 | @aCN@b110000 | |
| 105 | @aa z 000yy | |
| 106 | @ar | |
| 200 | 1 | @a生活书店会议记录@Asheng huo shu dian hui yi ji lu@e1938-1939@e影印本@f上海韬奋纪念馆编 |
| 210 | @a北京@c中华书局@d2019 | |
| 215 | @a436页@c图,照片@d29cm | |
| 225 | 2 | @a韬奋纪念馆馆藏文献丛书@Atao fen ji nian guan guan cang wen xian cong shu@f徐烔主编 |
| 330 | @a本书内容包括:生活出版合作社临时委员会会议记录、生活出版合作社业务会会议记录、生活书店理事会记录(1939.1)等。 | |
| 461 | 0 | @12001 @a韬奋纪念馆馆藏文献丛书 |
| 601 | 02 | @a生活书店@Asheng huo shu dian@x会议资料@z1938-1939 |
| 690 | @aG239.22@v5 | |
| 711 | 02 | @a上海韬奋纪念馆@Ashang hai tao fen ji nian guan@4编 |
| 801 | 0 | @aCN@b百万庄@c20211029 |
| 905 | @b1313912-13@dG239.22@e127@f2 | |
| 生活书店会议记录:1938-1939:影印本/上海韬奋纪念馆编.-北京:中华书局,2019 |
| 436页:图,照片;29cm.-(韬奋纪念馆馆藏文献丛书/徐烔主编) |
| ISBN 978-7-101-13921-1(精装):CNY298.00 |
| 本书内容包括:生活出版合作社临时委员会会议记录、生活出版合作社业务会会议记录、生活书店理事会记录(1939.1)等。 |
| ● |
| 相关链接 |
|
|
|
|
正题名:生活书店会议记录
索取号:G239.22/127
 
预约/预借
| 序号 | 登录号 | 条形码 | 馆藏地/架位号 | 状态 | 备注 |
| 1 | 1313912 | 213139129 | 第一样本阅览室/ [索取号:G239.22/127] | 在馆 | |
| 2 | 1313913 | 213139138 | 第四借阅区/ [索取号:G239.22/127] | 在馆 |